000
00332nam a22001457a 4500
008
210311b ||||| |||| 00| 0 eng d
020
_a
9780195102970
041
_a
eng
080
_2
4th
_a
611
082
_2
4th
_a
611
100
_a
7
101
_a
ANA
245
_a
Lachman's Case Studies in Anatomy
_c
Cahill,R.D
942
_2
udc
_c
BK
999
_c
56390
_d
56390